Bhaj Gobind (Record no. 40165)
[ view plain ]
| 000 -LEADER | |
|---|---|
| fixed length control field | 00304nam a22001097a 4500 |
| 008 - FIXED-LENGTH DATA ELEMENTS--GENERAL INFORMATION | |
| fixed length control field | 240712b |||||||| |||| 00| 0 eng d |
| 100 ## - MAIN ENTRY--PERSONAL NAME | |
| Personal name | Prabdas, Brahamchari |
| 245 ## - TITLE STATEMENT | |
| Title | Bhaj Gobind |
| 260 ## - PUBLICATION, DISTRIBUTION, ETC. | |
| Place of publication | Ajmer: |
| Name of publisher | Atam Darshan; |
| Year of publication | 1968. |
| 300 ## - PHYSICAL DESCRIPTION | |
| Number of Pages | 107p. |
| 942 ## - ADDED ENTRY ELEMENTS (KOHA) | |
| Koha item type | Books |
| Accession Number | Lost status | Damaged status | Price effective from | Koha item type | Not for loan | Withdrawn status | Home library | Current library | Shelving location | Date acquired | Source of acquisition | Cost, normal purchase price |
|---|---|---|---|---|---|---|---|---|---|---|---|---|
| 10537 | 01/10/2023 | Books | Withdrawn | RCL | RCL | General Stacks | 01/10/2023 | DDC | 2.50 |


